Every Intamin in the US - Map Quiz - Statistics

General Stats
  • This quiz has been taken 71 times
  • The average score is 18 of 35
Answers on the Map
Answers color-coded by a green-red scale on the quiz's map according to % correct below.
 
Answer Stats
Answer % Correct
Velocicoaster
95%
Millennium Force
85%
Maverick
80%
Pantheon
77%
Hagrid's Magical Creatures Motorbike Adventure
75%
Skyrush
75%
Top Thrill 2
72%
El Toro
68%
Superman: Escape from Krypton
68%
Superman - Ride Of Steel
68%
Superman the Ride
68%
Fahrenheit
63%
Storm Runner
62%
Cheetah Hunt
55%
Sandy’s Blasting Bronco
52%
Flash: Vertical Velocity
47%
Flash: Vertical Velocity
47%
Pantherian
47%
Wilderness Run
47%
Xcelerator
45%
Ride of Steel
43%
DarKoaster
40%
Harry Potter and the Escape from Gringotts
38%
Possessed
35%
Half Pipe
33%
American Eagle
32%
Wave Breaker: The Rescue Coaster
30%
Matugani
28%
Avatar Airbender
27%
Incredicoaster
27%
Skull Mountain
27%
Steel Venom
27%
Timmy's Half-Pipe Havoc
27%
Woodstock Express
25%
Arctic Rescue
22%
No matching quizzes found
Score Distribution
Percent of People with Each Score
Percentile by Number Answered
Your Score History
You have not taken this quiz